| 000 | 00619nam a2200193 i 4500 | ||
|---|---|---|---|
| 001 | 36603 | ||
| 003 | ES-MaACL | ||
| 005 | 20230906155413.0 | ||
| 007 | t| | ||
| 008 | 030218s1981 sp ||||1| spa d | ||
| 020 | _a84-283-1052-1 | ||
| 100 | 1 |
_aBrault, R. _931410 |
|
| 245 | 1 | 0 |
_aRecintos acústicos, pantallas acústicas y altavoces / _cR. Brault ; [traducido del francés por Alejandro Yaque Herrador]. |
| 260 |
_aMadrid : _bParaninfo, _c1981. |
||
| 300 |
_a147 p. : _bil. ; _c22 cm. |
||
| 650 | 4 |
_aAlta fidelidad. _9165395 |
|
| 700 | 0 |
_aYaque Herrador, Alejandro. _9117578 |
|
| 852 |
_aES-MaACL _jL-1223 _bR.101850 |
||
| 999 |
_c36603 _d36603 |
||